Villes du Québec - Carte Quiz - Statistiques

Statistiques générales
  • Ce quiz a été pris 8 869 fois
  • Le résultat moyen est 7 sur 12
Réponses sur la Carte
Les réponses sont colorées sur une échelle allant du rouge au vert en fonction du pourcentage des utilisateurs qui les ont devinées à leur premier essai. Vous pouvez retrouver ces pourcentages ci-dessous.
 
Statistiques - réponses
Réponse % Correct
Montréal
77%
Québec
77%
Kuujjuaq
58%
Sherbrooke
56%
Trois-Rivières
56%
Gaspé
54%
Saguenay
53%
Gatineau
51%
Sept-Îles
49%
Rimouski
47%
Val-d'Or
43%
Fermont
38%
Aucun quiz correspondant
Distribution des résultats
% des personnes avec chaque résultat
Percentile par nombre de réponses
Votre historique - résultats
Vous n’avez pas pris ce quiz